<?xml version="1.0" encoding="UTF-8"?>
<record
    xmlns:xsi="http://www.w3.org/2001/XMLSchema-instance"
    xsi:schemaLocation="http://www.loc.gov/MARC21/slim http://www.loc.gov/standards/marcxml/schema/MARC21slim.xsd"
    xmlns="http://www.loc.gov/MARC21/slim">

  <leader>00610nam a22001457a 4500</leader>
  <controlfield tag="003">OSt</controlfield>
  <controlfield tag="005">20160310095548.0</controlfield>
  <controlfield tag="008">160310b        xxu||||| |||| 00| 0 eng d</controlfield>
  <datafield tag="040" ind1=" " ind2=" ">
    <subfield code="c">RUA</subfield>
  </datafield>
  <datafield tag="082" ind1=" " ind2=" ">
    <subfield code="a">LMA KEN 2014 B467 Or.1</subfield>
  </datafield>
  <datafield tag="100" ind1=" " ind2=" ">
    <subfield code="9">7874</subfield>
    <subfield code="a">KENG PONLEU; &#x1780;&#x17C1;&#x1784;&#x200B; &#x1796;&#x1793;&#x17D2;&#x179B;&#x17BA;</subfield>
  </datafield>
  <datafield tag="245" ind1=" " ind2=" ">
    <subfield code="a">Urban land use planning in koki kandal province, &#x1780;&#x17B6;&#x179A;&#x1792;&#x17D2;&#x179C;&#x17BE;&#x1795;&#x17C2;&#x1793;&#x1780;&#x17B6;&#x179A;&#x1794;&#x17D2;&#x179A;&#x17BE;&#x1794;&#x17D2;&#x179A;&#x17B6;&#x179F;&#x17CB;&#x178A;&#x17B8;&#x1792;&#x17D2;&#x179B;&#x17B8;&#x1793;&#x17C5;&#x1780;&#x17D2;&#x1793;&#x17BB;&#x1784;&#x1783;&#x17BB;&#x17C6;&#x1782;&#x1782;&#x17B8;&#x179A;&#x179F;&#x17D2;&#x179A;&#x17BB;&#x17BB;&#x1780;&#x1780;&#x17C0;&#x17C1;&#x1793;&#x179F;&#x17D2;&#x179C;&#x17B6;&#x1799; &#x1781;&#x17C1;&#x178F;&#x17D2;&#x178F;&#x1780;&#x178E;&#x17D2;&#x178A;&#x17B6;&#x179B;</subfield>
  </datafield>
  <datafield tag="300" ind1=" " ind2=" ">
    <subfield code="a">iv,41p.</subfield>
    <subfield code="b">ill.</subfield>
    <subfield code="c">29cm.</subfield>
  </datafield>
  <datafield tag="942" ind1=" " ind2=" ">
    <subfield code="2">ddc</subfield>
    <subfield code="c">LMA</subfield>
  </datafield>
  <datafield tag="999" ind1=" " ind2=" ">
    <subfield code="c">7468</subfield>
    <subfield code="d">7468</subfield>
  </datafield>
  <datafield tag="952" ind1=" " ind2=" ">
    <subfield code="0">0</subfield>
    <subfield code="1">0</subfield>
    <subfield code="2">ddc</subfield>
    <subfield code="4">0</subfield>
    <subfield code="6">LMA_KEN_2014_000000000000000_B467_OR_1</subfield>
    <subfield code="7">0</subfield>
    <subfield code="9">44268</subfield>
    <subfield code="a">LBB</subfield>
    <subfield code="b">LBB</subfield>
    <subfield code="c">B467</subfield>
    <subfield code="d">2016-03-10</subfield>
    <subfield code="l">3</subfield>
    <subfield code="o">LMA KEN 2014 B467 Or.1</subfield>
    <subfield code="p">RUA055859</subfield>
    <subfield code="r">2023-10-02</subfield>
    <subfield code="s">2023-09-26</subfield>
    <subfield code="w">2016-03-10</subfield>
    <subfield code="y">LMA</subfield>
  </datafield>
  <datafield tag="952" ind1=" " ind2=" ">
    <subfield code="0">0</subfield>
    <subfield code="1">0</subfield>
    <subfield code="2">ddc</subfield>
    <subfield code="4">0</subfield>
    <subfield code="6">LMA_KEN_2014_000000000000000_B467_OR_2</subfield>
    <subfield code="7">0</subfield>
    <subfield code="9">44269</subfield>
    <subfield code="a">LBB</subfield>
    <subfield code="b">LBB</subfield>
    <subfield code="c">B467</subfield>
    <subfield code="d">2016-03-10</subfield>
    <subfield code="o">LMA KEN 2014 B467 Or.2</subfield>
    <subfield code="p">RUA055548</subfield>
    <subfield code="r">2016-03-10</subfield>
    <subfield code="w">2016-03-10</subfield>
    <subfield code="y">LMA</subfield>
  </datafield>
  <datafield tag="952" ind1=" " ind2=" ">
    <subfield code="0">0</subfield>
    <subfield code="1">0</subfield>
    <subfield code="2">ddc</subfield>
    <subfield code="4">0</subfield>
    <subfield code="6">LMA_KEN_2014_000000000000000_B467_OR_3</subfield>
    <subfield code="7">0</subfield>
    <subfield code="9">44270</subfield>
    <subfield code="a">LBB</subfield>
    <subfield code="b">LBB</subfield>
    <subfield code="c">B467</subfield>
    <subfield code="d">2016-03-10</subfield>
    <subfield code="l">2</subfield>
    <subfield code="o">LMA KEN 2014 B467 Or.3</subfield>
    <subfield code="p">RUA056047</subfield>
    <subfield code="r">2020-10-09</subfield>
    <subfield code="s">2020-08-31</subfield>
    <subfield code="w">2016-03-10</subfield>
    <subfield code="y">LMA</subfield>
  </datafield>
  <datafield tag="952" ind1=" " ind2=" ">
    <subfield code="0">0</subfield>
    <subfield code="1">0</subfield>
    <subfield code="2">ddc</subfield>
    <subfield code="4">0</subfield>
    <subfield code="6">LMA_KEN_2014_000000000000000_B467_OR_4</subfield>
    <subfield code="7">0</subfield>
    <subfield code="9">44271</subfield>
    <subfield code="a">LBB</subfield>
    <subfield code="b">LBB</subfield>
    <subfield code="c">B467</subfield>
    <subfield code="d">2016-03-10</subfield>
    <subfield code="l">4</subfield>
    <subfield code="o">LMA KEN 2014 B467 Or.4</subfield>
    <subfield code="p">RUA056109</subfield>
    <subfield code="r">2024-09-14</subfield>
    <subfield code="s">2024-08-31</subfield>
    <subfield code="w">2016-03-10</subfield>
    <subfield code="y">LMA</subfield>
  </datafield>
  <datafield tag="952" ind1=" " ind2=" ">
    <subfield code="0">0</subfield>
    <subfield code="1">0</subfield>
    <subfield code="2">ddc</subfield>
    <subfield code="4">0</subfield>
    <subfield code="6">LMA_KEN_2014_000000000000000_B467_OR_5</subfield>
    <subfield code="7">0</subfield>
    <subfield code="9">44272</subfield>
    <subfield code="a">LBB</subfield>
    <subfield code="b">LBB</subfield>
    <subfield code="c">B467</subfield>
    <subfield code="d">2016-03-10</subfield>
    <subfield code="l">1</subfield>
    <subfield code="o">LMA KEN 2014 B467 Or.5</subfield>
    <subfield code="p">RUA055989</subfield>
    <subfield code="r">2019-06-17</subfield>
    <subfield code="s">2019-05-21</subfield>
    <subfield code="w">2016-03-10</subfield>
    <subfield code="y">LMA</subfield>
  </datafield>
  <datafield tag="952" ind1=" " ind2=" ">
    <subfield code="0">0</subfield>
    <subfield code="1">0</subfield>
    <subfield code="2">ddc</subfield>
    <subfield code="4">0</subfield>
    <subfield code="6">LMA_KEN_2014_000000000000000_B467_OR_6</subfield>
    <subfield code="7">0</subfield>
    <subfield code="9">44273</subfield>
    <subfield code="a">LBB</subfield>
    <subfield code="b">LBB</subfield>
    <subfield code="c">B467</subfield>
    <subfield code="d">2016-03-10</subfield>
    <subfield code="l">2</subfield>
    <subfield code="o">LMA KEN 2014 B467 Or.6</subfield>
    <subfield code="p">RUA056218</subfield>
    <subfield code="r">2019-07-19</subfield>
    <subfield code="s">2019-07-05</subfield>
    <subfield code="w">2016-03-10</subfield>
    <subfield code="y">LMA</subfield>
  </datafield>
  <datafield tag="952" ind1=" " ind2=" ">
    <subfield code="0">0</subfield>
    <subfield code="1">0</subfield>
    <subfield code="2">ddc</subfield>
    <subfield code="4">0</subfield>
    <subfield code="6">LMA_KEN_2014_000000000000000_B467_OR_7</subfield>
    <subfield code="7">0</subfield>
    <subfield code="9">44274</subfield>
    <subfield code="a">LBB</subfield>
    <subfield code="b">LBB</subfield>
    <subfield code="c">B467</subfield>
    <subfield code="d">2016-03-10</subfield>
    <subfield code="l">1</subfield>
    <subfield code="o">LMA KEN 2014 B467 Or.7</subfield>
    <subfield code="p">RUA056063</subfield>
    <subfield code="q">2019-08-27</subfield>
    <subfield code="r">2019-08-09</subfield>
    <subfield code="s">2019-08-09</subfield>
    <subfield code="w">2016-03-10</subfield>
    <subfield code="y">LMA</subfield>
  </datafield>
  <datafield tag="952" ind1=" " ind2=" ">
    <subfield code="0">0</subfield>
    <subfield code="1">0</subfield>
    <subfield code="2">ddc</subfield>
    <subfield code="4">0</subfield>
    <subfield code="6">LMA_KEN_2014_000000000000000_B467_OR_8</subfield>
    <subfield code="7">0</subfield>
    <subfield code="9">44275</subfield>
    <subfield code="a">LBB</subfield>
    <subfield code="b">LBB</subfield>
    <subfield code="c">B467</subfield>
    <subfield code="d">2016-03-10</subfield>
    <subfield code="l">1</subfield>
    <subfield code="o">LMA KEN 2014 B467 Or.8</subfield>
    <subfield code="p">RUA055911</subfield>
    <subfield code="r">2020-11-24</subfield>
    <subfield code="s">2020-11-13</subfield>
    <subfield code="w">2016-03-10</subfield>
    <subfield code="y">LMA</subfield>
  </datafield>
</record>
